Normal view
MARC view
- Sánchez Prieto, Ana
Entry Nombre Personal
001 - NUMERO DE CONTROL
- campo de control: 38731
003 - IDENTIFICADOR DE NUMERO DE CONTROL
- campo de control: UPN
005 - FECHA Y HORA DE LA ÜLTIMA TRANSACCIÓN
- campo de control: 20210219194538.0
008 - DATOS DE LONGITUD FIJA
- campo de control de longitud fija: nabaccnnaabn|||||||||| b |nc|||||d
035 ## - NUMERO DE CONTROL
- Número de control: UPN11000010838
040 ## - FUENTE DE CATALOGACIÓN
- Lenguaje de catalogación: SPA
- Agencia de transcripción: UPN
100 1# - ENCABEZAMIENTO - NOMBRE PERSONAL
- Nombre personal: Sánchez Prieto, Ana
400 1# - VEÁSE - NOMBRE DE PERSONA
- Personal name: Sánchez, Ana
670 ## - FUENTE EN LA QUE SE LOCALIZARON DATOS
- Cita de la fuente: T
- Uniform Resource Identifier: http://biblio.upmx.mx/library/index.php?title=29425&query=@title=Special:GSMSearchPage@process=@subheadings=ESTIMULACION%20TEMPRANA%20LEMB%20@mode=&recnum=12
902 ## - CATALOGADOR
- Catalogador: MMA/200616
